书目信息 |
| 题名: |
大学英语同义词表解手册
|
|
| 作者: | 卫乃兴 , 周俊英 主编 | |
| 分册: | ||
| 出版信息: | 上海 上海交通大学出版社 1999.04 |
|
| 页数: | 390页 | |
| 开本: | 32开 | |
| 丛书名: | ||
| 单 册: | ||
| 中图分类: | H313.2-62 | |
| 科图分类: | ||
| 主题词: | 英语 | |
| 电子资源: | ||
| ISBN: | 7-313-02204-2 | |
| 000 | 00630nam0 2200205 45 | |
| 001 | 0010221683 | |
| 005 | 20001022161933.7 | |
| 010 | @a7-313-02204-2@d16.00元 | |
| 100 | @a20001022d1999 km y0chiy0120 ea | |
| 101 | 0 | @achi |
| 105 | @a z 000yy | |
| 200 | 1 | @a大学英语同义词表解手册@ADa Xue Ying Yu Tong Yi Ci Biao Jie Shou Ce@f卫乃兴,周俊英主编@FWei Nai Xing,Zhou Jun Ying Zhu Bian |
| 210 | @a上海@c上海交通大学出版社@d1999.04 | |
| 215 | @a390页@d32开 | |
| 606 | 0 | @a英语 |
| 690 | @aH313.2-62@v3 | |
| 701 | 0 | @a卫乃兴@4主编 |
| 701 | 0 | @a周俊英@4主编 |
| 801 | @aCN@bPftUser@c20001022 | |
| 905 | @b182700-704@dH313.2-62@eW892@f5 | |
| 大学英语同义词表解手册/卫乃兴,周俊英主编.-上海:上海交通大学出版社,1999.04 |
| 390页;32开 |
| ISBN 7-313-02204-2:16.00元 |
| ● |
| 相关链接 |
|
|
|
正题名:大学英语同义词表解手册
索取号:H313.2-62/W892
 
预约/预借
| 序号 | 登录号 | 条形码 | 馆藏地/架位号 | 状态 | 备注 |
| 1 | 182700 | 201827005 | 语言库209/209语言库 34排1列4层/ [索取号:H313.2-62/W892] | 在馆 | |
| 2 | 182701 | 201827014 | 自科二线404/404自科库 10排4列1层/ [索取号:H313.2-62/W892] | 在馆 | |
| 3 | 182702 | 201827023 | 语言库209/209语言库 34排1列4层/ [索取号:H313.2-62/W892] | 在馆 | |
| 4 | 182703 | 201827032 | 自科二线404/209语言库 34排1列4层/ [索取号:H313.2-62/W892] | 在馆 | |
| 5 | 182704 | 201827041 | 语言库209/ [索取号:H313.2-62/W892] |
已借出,限还日期为2014.09.22 借出人:郭耀民 |